00626nam a22002057a 450000500170000001000130001702000230003003500130005303700160006604000120008208200170009410000210011124501190013226000360025127000320028730000210031950000190034065000420035965000190040120170124110007.0 aA-381978 c225.00a8170950155 aA-381978 bCen Lib/Ret aDPLbEN a352.054bKAS aKashyap, Anirban aPanchayati raj :cby Anirban Kashyapbviews of the founding fathers and recoomendations of different communities / aNew DelhibLancers books c1989 bNew DelhiaP.O. Box no 4236 a283p. c21cm(Hb) aIncludes index aLocal government--Law and legislation aPanchayati raj